000 01507nam a22002177a 4500
003 IT-MiCISF
005 20251215123416.0
008 190508b ||||| |||| 00| 0 eng d
040 _cIT-MiCISF
041 _ait
100 _aGarassini Stefania
_960480
245 _aSmartphone. 10 ragioni per non regalarlo alla prima Comunione (e magari neanche alla Cresima)
260 _aMilano,
_bAres,
_c2019
300 _app. 106
500 _aeducazione, nuovi-media, infanzia, adolescenza
520 _aLo smartphone è ormai un regalo quasi scontato alla prima Comunione. Pochi però si chiedono se sia una buona idea mettere nelle mani di un bambino di 9 o 10 anni uno strumento così potente. Eppure, scegliere l'età giusta per dare a un ragazzo un cellulare è una decisione importante, perché spalanca le porte di un nuovo mondo, ricco e complesso, destinato a occupare una parte significativa della vita di chi lo utilizza. Con questa guida breve ma documentata l'autrice invita ogni genitore, insegnante, educatore a valutare attentamente i motivi per cui varrebbe la pena aspettare a regalare uno smartphone più a lungo di quel che il mercato, la moda e “gli altri” tendono a farci credere. Non si tratta di demonizzare uno strumento dalle straordinarie potenzialità, ma semplicemente di usarlo - i nostri figli, e anche noi - al meglio.
650 _amass-media
_956139
654 _asaggio
700 _aInvito alla lettura di Mariolina Ceriotti Migliarese
_962925
942 _2ddc
_cBK
999 _c358285
_d358285